Đề cương bài giảng xã hội học

Gorde:
Xehetasun bibliografikoak
Egile nagusia: Lương, Minh Cừ
Formatua: Liburua
Hizkuntza:Undetermined
Argitaratua: Tp. HCM Nxb. Tp. HCM 1999
Gaiak:
Etiketak: Etiketa erantsi
Etiketarik gabe, Izan zaitez lehena erregistro honi etiketa jartzen!
Thư viện lưu trữ: Trung tâm Học liệu Trường Đại học Cần Thơ
LEADER 00562nam a2200193Ia 4500
001 CTU_37916
008 210402s9999 xx 000 0 und d
020 |b 16.000đ 
082 |a 301 
082 |b C550 
100 |a Lương, Minh Cừ 
245 0 |a Đề cương bài giảng xã hội học 
245 0 |c Lương Minh Cừ, Bùi Bá Linh 
260 |a Tp. HCM 
260 |b Nxb. Tp. HCM 
260 |c 1999 
650 |a sociology 
904 |i Nguyễn Quang Điền, 001006 
980 |a Trung tâm Học liệu Trường Đại học Cần Thơ